| 000 | 00000nam 2200000za 4500 |
| 001 | 9.843622 |
| 003 | CaOODSP |
| 005 | 20221107152550 |
| 007 | cr ||||||||||| |
| 008 | 171110s1985 xxc |o f|0| 0 eng d |
| 040 | |aCaOODSP|beng |
| 043 | |an-cn-mb |
| 086 | 1 |aNH15-656/1985E-PDF |
| 100 | 1 |aGold, Y. |
| 245 | 14|aThe relationship between services and perceived well being of tenants in elderly persons housing in Manitoba |h[electronic resource] / |cprepared by Y. Gold, I. Garvie, N. Frohlich. |
| 260 | |a[Ottawa : |bCanada Mortgage and Housing Corporation], |c1985. |
| 300 | |a1 v. (various pagings) |
| 500 | |a"March, 1985." |
| 500 | |aDigitized edition from print produced 2015 [for Canada Mortgage and Housing Corporation]. |
| 520 | |a"In 1984, a project was undertaken to examine the perceived well being of tenants in Elderly Persons Housing (EPH) in Manitoba, specifically the effect of in-building services. A sample of managers and tenants was surveyed to explore both the perception and reality of service availability and accessibility on tenant well being"--Abstract. |
| 692 | 07|2gccst|aSeniors |
| 692 | 07|2gccst|aHousing |
| 700 | 1 |aGarvie, I. |
| 700 | 1 |aFrohlich, N. |
| 710 | 2 |aCanada Mortgage and Housing Corporation.|bExternal Research Program. |
| 710 | 2 |aCanada Mortgage and Housing Corporation. |
| 856 | 40|qPDF|s1.05 Mo|uhttps://publications.gc.ca/collections/collection_2017/schl-cmhc/nh15/NH15-656-1985-eng.pdf |